[Event "C.to Regionale Calabria"]
[Site "San Fili ITA"]
[Date "2007.06.09"]
[Round "3"]
[White "Paragliola, Gennaro"]
[Black "Marincolo, Piercarlo"]
[Result "0-1"]
[WhiteElo "1451"]
[BlackElo "1727"]
[PlyCount "110"]
[EventDate "2007.06.08"]

1. d4 f5 2. c4 Nf6 3. Nc3 g6 4. Nf3 d6 5. Bg5 Bg7 6. Qd2 O-O 7. Bh6 Rf7 8. Bxg7
Rxg7 9. e3 c6 10. Be2 Qe8 11. O-O e5 12. dxe5 dxe5 13. Qd6 Nbd7 14. Rfd1 Re7
15. c5 Kg7 16. Bc4 b5 17. cxb6 Nxb6 18. Bb3 Be6 19. Bxe6 Rxe6 20. Qc5 Nfd7 21.
Qb4 Rb8 22. Ng5 Rf6 23. Qb3 h6 24. Nf3 e4 25. Nd4 c5 26. Ndb5 a6 27. Nc7 Qc8
28. N7d5 Nxd5 29. Qxd5 Nb6 30. Qe5 Nc4 31. Qd5 Nxb2 32. Rdb1 Nd3 33. Rxb8 Qxb8
34. Rb1 Qf8 35. Qb7+ Qf7 36. Qc8 Qc4 37. Rb8 g5 38. Qh8+ Kg6 39. Rg8+ Kh5 40.
Qxf6 Qxg8 41. Qxf5 Qc4 42. g4+ Kh4 43. Nxe4 Qc1+ 44. Kg2 Ne1+ 45. Kf1 Nd3+ 46.
Kg2 Ne1+ 47. Kf1 Kh3 48. Ke2 Ng2 49. Qf3+ Kxh2 50. Qg3+ Kg1 51. f4 gxf4 52.
Qf2+ Kh1 53. Kf3 Qd1+ 54. Qe2 Nh4+ 55. Kf2 Qg1# 0-1

[Event "C.to Regionale Calabria"]
[Site "San Fili ITA"]
[Date "2007.06.09"]
[Round "3"]
[White "Rametta, Marcello"]
[Black "Olivo, Ilaria"]
[Result "1-0"]
[WhiteElo "1774"]
[BlackElo "1464"]
[PlyCount "41"]
[EventDate "2007.06.08"]

1. e4 c5 2. Nf3 d6 3. Bc4 e6 4. d4 cxd4 5. Nxd4 Nf6 6. Bg5 Be7 7. Bxf6 Bxf6 8.
c3 a6 9. Nd2 b5 10. Bb3 Bb7 11. Bc2 O-O 12. Qh5 Nd7 13. Qh3 h6 14. f4 Qc7 15.
N2f3 Qb6 16. O-O-O Rac8 17. Kb1 b4 18. Nb3 bxc3 19. e5 Nc5 20. exf6 Nxb3 21.
axb3 1-0

[Event "C.to Regionale Calabria"]
[Site "San Fili ITA"]
[Date "2007.06.09"]
[Round "3"]
[White "Sansosti, Simona"]
[Black "Coristo, Giovanni"]
[Result "0-1"]
[WhiteElo "1362"]
[BlackElo "1843"]
[PlyCount "68"]
[EventDate "2007.06.08"]

1. e4 d6 2. d4 Nf6 3. Nc3 g6 4. Nf3 Bg7 5. e5 dxe5 6. dxe5 Qxd1+ 7. Nxd1 Ng4 8.
Bf4 Be6 9. Be2 Nd7 10. h3 Ngxe5 11. Nxe5 Nxe5 12. O-O O-O-O 13. c3 h6 14. b4 g5
15. Bh2 Rd2 16. Bxe5 Bxe5 17. Bg4 Bxg4 18. Re1 Bxd1 19. Rxe5 e6 20. Kf1 Rhd8
21. Re1 Ba4 22. g3 Rd1 23. a3 Rxa1 24. Rxa1 Rd1+ 25. Rxd1 Bxd1 26. Kg2 Kd7 27.
h4 b5 28. f3 g4 29. f4 Kd6 30. Kf2 Kd5 31. Ke3 f5 32. Kd2 Bf3 33. Ke3 Kc4 34.
Kd2 Be4 0-1

[Event "C.to Regionale Calabria"]
[Site "San Fili ITA"]
[Date "2007.06.09"]
[Round "3"]
[White "Vacchiano, Salvatore"]
[Black "Luvera', Filippo"]
[Result "0-1"]
[WhiteElo "1509"]
[BlackElo "1898"]
[PlyCount "86"]
[EventDate "2007.06.08"]

1. e4 c5 2. Nf3 Nc6 3. d4 cxd4 4. Nxd4 Nf6 5. Nc3 e5 6. Ndb5 d6 7. Bg5 a6 8.
Na3 Be7 9. Qd2 b5 10. Bxf6 Bxf6 11. Nd5 O-O 12. Nxf6+ Qxf6 13. O-O-O Rd8 14. f3
Bb7 15. Be2 Nd4 16. Bd3 Rac8 17. Qb4 Qg5+ 18. Qd2 Qf6 19. h4 d5 20. Qg5 Qxg5+
21. hxg5 Ne6 22. exd5 Nxg5 23. d6 e4 24. fxe4 Bxe4 25. Bxe4 Nxe4 26. d7 Rc7 27.
Rhe1 f5 28. g4 g6 29. gxf5 gxf5 30. Rd5 Rcxd7 31. Rxf5 Re7 32. Rg1+ Rg7 33.
Rxg7+ Kxg7 34. Re5 Nf2 35. Re1 h5 36. Nb1 Kg6 37. Nd2 Rc8 38. Kb1 Kg5 39. Nf3+
Kf4 40. Nh4 Rd8 41. Kc1 Kg4 42. Ng2 h4 43. Ne3+ Kf3 0-1

[Event "C.to Regionale Calabria"]
[Site "San Fili ITA"]
[Date "2007.06.09"]
[Round "3"]
[White "Valotta, Massimiliano"]
[Black "Magli, Francesco"]
[Result "1-0"]
[WhiteElo "1889"]
[BlackElo "1479"]
[PlyCount "35"]
[EventDate "2007.06.08"]

1. d4 f5 2. Nc3 e6 3. Nf3 Nf6 4. Bg5 d6 5. Qd2 h6 6. Bxf6 Qxf6 7. O-O-O Nc6 8.
e4 e5 9. Nd5 Qf7 10. dxe5 fxe4 11. exd6 Bxd6 12. Ne1 O-O 13. Bc4 Be6 14. Qc3
Be5 15. Qe3 Rad8 16. Qxe4 Rd6 17. Nf3 Qf4+ 18. Nxf4 1-0

[Event "C.to Regionale Calabria"]
[Site "San Fili ITA"]
[Date "2007.06.09"]
[Round "3"]
[White "Zavaglia, Giuseppe"]
[Black "Alvaro, Francesco"]
[Result "1-0"]
[WhiteElo "1901"]
[BlackElo "1428"]
[PlyCount "75"]
[EventDate "2007.06.08"]

1. e4 e5 2. Bc4 Nf6 3. Nc3 Nc6 4. Nf3 Bb4 5. O-O d6 6. h3 O-O 7. d3 Be6 8. Nd5
Bxd5 9. exd5 Ne7 10. Bg5 Ng6 11. c3 Bc5 12. b4 Bb6 13. a4 a6 14. a5 Ba7 15. Qd2
h6 16. Be3 Nh5 17. Bxa7 Rxa7 18. g3 Qf6 19. Kg2 Qf5 20. Ng1 Nhf4+ 21. gxf4
Nxf4+ 22. Kh2 Qg5 23. f3 h5 24. Qf2 f5 25. Ne2 Nxe2 26. Qxe2 Qf4+ 27. Kh1 Qg3
28. Qg2 h4 29. Qxg3 hxg3 30. f4 g5 31. fxe5 f4 32. Kg2 Kg7 33. Rae1 Raa8 34.
exd6 cxd6 35. Re7+ Kg6 36. Re6+ Kh5 37. d4 Kh4 38. Rh6# 1-0

[Event "C.to Regionale Calabria"]
[Site "San Fili ITA"]
[Date "2007.06.10"]
[Round "4"]
[White "Alvaro, Francesco"]
[Black "Paragliola, Gennaro"]
[Result "1-0"]
[WhiteElo "1428"]
[BlackElo "1451"]
[PlyCount "51"]
[EventDate "2007.06.08"]

1. e4 d6 2. d4 Nf6 3. Nc3 g6 4. Nf3 Bg7 5. Bc4 O-O 6. Bg5 Nxe4 7. Nxe4 d5 8.
Bd3 dxe4 9. Bxe4 Nc6 10. c3 f5 11. Bc2 h6 12. Be3 Re8 13. Qd2 g5 14. Bb3+ e6
15. Qd3 a5 16. a4 b6 17. Qxf5 Kh8 18. Qg6 Ne7 19. Qe4 Nd5 20. Qg6 Ne7 21. Qh5
Nf5 22. Bxg5 Qd7 23. Rd1 b5 24. Ne5 Bxe5 25. dxe5 Qg7 26. Bf6 1-0

[Event "C.to Regionale Calabria"]
[Site "San Fili ITA"]
[Date "2007.06.10"]
[Round "4"]
[White "Calomeni, Francesca"]
[Black "Levato, Biagio"]
[Result "0-1"]
[WhiteElo "1356"]
[BlackElo "1495"]
[PlyCount "24"]
[EventDate "2007.06.08"]

1. e4 c5 2. Nc3 Nc6 3. Nf3 e6 4. Bb5 Qc7 5. O-O Nf6 6. d4 cxd4 7. Nxd4 Nxd4 8.
Qxd4 Bd6 9. Kh1 O-O 10. Bg5 Ng4 11. Rad1 Bc5 12. Qd3 Qxh2# 0-1

[Event "C.to Regionale Calabria"]
[Site "San Fili ITA"]
[Date "2007.06.10"]
[Round "4"]
[White "Calomeni, Gianpaolo"]
[Black "Vacchiano, Salvatore"]
[Result "1-0"]
[WhiteElo "1503"]
[BlackElo "1509"]
[PlyCount "65"]
[EventDate "2007.06.08"]

1. e4 d6 2. d4 Nf6 3. Nc3 g6 4. Nf3 Bg7 5. Be2 O-O 6. O-O c6 7. Bf4 Nbd7 8. Qd2
Re8 9. Rfd1 Qb6 10. Na4 Qd8 11. Nc3 b5 12. a3 a5 13. b4 Nb6 14. h3 Nc4 15. Bxc4
bxc4 16. Bh6 Bh8 17. Bf4 Bb7 18. Re1 axb4 19. axb4 Rxa1 20. Rxa1 Qb6 21. Ra4
Ra8 22. e5 Nd5 23. Rxa8+ Bxa8 24. Nxd5 cxd5 25. exd6 exd6 26. c3 Bb7 27. Qe3
Qd8 28. Nh2 Bc8 29. Qg3 Qe7 30. Nf3 Qa7 31. Bxd6 Qa1+ 32. Kh2 Qxc3 33. Qg5 1-0

[Event "C.to Regionale Calabria"]
[Site "San Fili ITA"]
[Date "2007.06.10"]
[Round "4"]
[White "Caputo, Francesco"]
[Black "Felisio, Antonio"]
[Result "1-0"]
[WhiteElo "1662"]
[BlackElo "1464"]
[PlyCount "81"]
[EventDate "2007.06.08"]

1. e4 Nf6 2. Nc3 d6 3. d4 g6 4. Bg5 Nfd7 5. Nf3 Bg7 6. Bc4 O-O 7. O-O Nb6 8.
Be2 Nc6 9. h3 f5 10. Qd2 fxe4 11. Nxe4 Bf5 12. Ng3 Qd7 13. Nxf5 Qxf5 14. Bd3
Qd5 15. c3 Rxf3 16. gxf3 Qxf3 17. Qe3 Qh5 18. Qe6+ Kf8 19. Qg4 Qxg4+ 20. hxg4
e5 21. dxe5 Nxe5 22. Be2 Nbc4 23. f4 Nd2 24. fxe5+ Kg8 25. Bxd2 Bxe5 26. Bc4+
Kh8 27. Bh6 c6 28. Rf7 d5 29. Raf1 Rg8 30. Rf8 Bg7 31. Bxg7+ Kxg7 32. R1f7+ Kh8
33. Rxg8+ Kxg8 34. Bxd5 cxd5 35. Rxb7 h5 36. gxh5 gxh5 37. Rxa7 h4 38. a4 Kf8
39. a5 Ke8 40. a6 Kd8 41. Rh7 1-0

[Event "C.to Regionale Calabria"]
[Site "San Fili ITA"]
[Date "2007.06.10"]
[Round "4"]
[White "Coristo, Giovanni"]
[Black "Galasso, Luciano"]
[Result "1-0"]
[WhiteElo "1843"]
[BlackElo "1554"]
[PlyCount "49"]
[EventDate "2007.06.08"]

1. e4 g6 2. d4 Bg7 3. Nc3 d6 4. Be3 Nd7 5. Qd2 h6 6. Bc4 e6 7. Nge2 Ne7 8.
O-O-O a6 9. h4 b5 10. Bb3 Bb7 11. f3 a5 12. Nf4 d5 13. a3 b4 14. axb4 axb4 15.
Nb1 Nb6 16. exd5 Nexd5 17. Nxd5 Nxd5 18. Bxd5 Bxd5 19. Qxb4 Bf8 20. Qb5+ Qd7
21. Qxd7+ Kxd7 22. Nc3 g5 23. hxg5 Ra1+ 24. Kd2 Ra2 25. Nxa2 1-0

[Event "C.to Regionale Calabria"]
[Site "San Fili ITA"]
[Date "2007.06.10"]
[Round "4"]
[White "Fittante, Enrico"]
[Black "Sansosti, Simona"]
[Result "1-0"]
[WhiteElo "1530"]
[BlackElo "1362"]
[PlyCount "75"]
[EventDate "2007.06.08"]

1. e4 e5 2. Bc4 Nf6 3. d3 Nc6 4. Nf3 Be7 5. a3 O-O 6. c3 d6 7. Nbd2 a5 8. Nf1
Bg4 9. h3 Bh5 10. Be3 d5 11. exd5 Nxd5 12. Ng3 Nxe3 13. fxe3 Bh4 14. O-O Bxg3
15. Qd2 e4 16. Nd4 Nxd4 17. exd4 Qh4 18. dxe4 Kh8 19. e5 Rae8 20. b4 a4 21. Qe3
Re7 22. Bb5 f6 23. e6 Be8 24. Bc4 b5 25. Be2 Bh5 26. Bxh5 Qxh5 27. Qxg3 Rxe6
28. Qxc7 Rfe8 29. Rad1 Qd5 30. Qc5 Qa2 31. d5 Re2 32. Rf2 Rxf2 33. Qxf2 Re2 34.
Qg3 h6 35. d6 Qc2 36. Rd5 Re5 37. Rxe5 fxe5 38. Qxe5 1-0

[Event "C.to Regionale Calabria"]
[Site "San Fili ITA"]
[Date "2007.06.10"]
[Round "4"]
[White "Grandinetti, Pietro"]
[Black "Rametta, Marcello"]
[Result "1-0"]
[WhiteElo "1639"]
[BlackElo "1774"]
[PlyCount "127"]
[EventDate "2007.06.08"]

1. e4 e5 2. Nf3 Nc6 3. Bb5 d6 4. d4 exd4 5. Nxd4 Bd7 6. Nc3 Nxd4 7. Qxd4 Bxb5
8. Nxb5 a6 9. Nc3 Nf6 10. O-O Be7 11. Bf4 Nh5 12. Qe3 O-O 13. Ne2 Nxf4 14. Qxf4
Bg5 15. Qf3 Re8 16. Rfe1 Qd7 17. Rad1 Qa4 18. Nc3 Qa5 19. Rd3 Bf6 20. Red1 Rad8
21. h3 Be5 22. a3 c6 23. Kh1 b5 24. Qf5 g6 25. Qg5 Bxc3 26. Rxc3 c5 27. f3 Qc7
28. Rcd3 Kg7 29. Rd5 f6 30. Qd2 Re6 31. h4 a5 32. h5 b4 33. a4 Qe7 34. h6+ Kf7
35. Rxc5 Re5 36. Rxe5 Qxe5 37. Qd5+ Qxd5 38. Rxd5 Rc8 39. Rxa5 Rxc2 40. Ra7+
Kg8 41. Rg7+ Kf8 42. Rxh7 Rxb2 43. Rb7 Kg8 44. Rg7+ Kh8 45. Rxg6 b3 46. Rg7 Rd2
47. Rb7 b2 48. Kh2 d5 49. exd5 Rxd5 50. Rxb2 Kh7 51. Ra2 Ra5 52. Kg3 Kxh6 53.
Kf4 f5 54. Ke3 Kg5 55. Kd4 Kh4 56. Kc4 f4 57. Kb4 Ra8 58. a5 Kg3 59. a6 Rb8+
60. Kc5 Rc8+ 61. Kb6 Rg8 62. a7 Rg6+ 63. Kc5 Rg5+ 64. Kd4 1-0

[Event "C.to Regionale Calabria"]
[Site "San Fili ITA"]
[Date "2007.06.10"]
[Round "4"]
[White "Luvera', Filippo"]
[Black "Valotta, Massimiliano"]
[Result "0-1"]
[WhiteElo "1898"]
[BlackElo "1889"]
[PlyCount "142"]
[EventDate "2007.06.08"]

1. e4 c5 2. c3 d5 3. exd5 Qxd5 4. d4 cxd4 5. cxd4 e6 6. Nc3 Bb4 7. Nf3 Nc6 8.
Be2 Nf6 9. O-O Bxc3 10. bxc3 b5 11. a4 Ne4 12. Bb2 bxa4 13. Qxa4 Bd7 14. Qa3
Nd6 15. Nd2 Nb5 16. Bxb5 Qxb5 17. c4 Qb4 18. Bc3 Qxa3 19. Rxa3 O-O 20. Rfa1
Rfc8 21. Ne4 f5 22. Nc5 Rc7 23. f4 h6 24. g3 g5 25. fxg5 hxg5 26. Kf2 Kf7 27.
Nd3 g4 28. d5 exd5 29. cxd5 Nd8 30. Ne5+ Ke7 31. Bb4+ Kf6 32. Bd6 Rc2+ 33. Kg1
Bb5 34. Rxa7 Rxa7 35. Rxa7 Rc1+ 36. Kf2 Rc2+ 37. Kg1 Re2 38. Nd7+ Bxd7 39. Rxd7
Nf7 40. Bf4 Re1+ 41. Kf2 Rh1 42. Kg2 Re1 43. Ra7 Re2+ 44. Kg1 Re7 45. Ra6+ Kg7
46. Kf2 Rd7 47. Ra5 Nd6 48. Bxd6 Rxd6 49. Ke3 Kf6 50. Kd4 Rb6 51. Kc5 Rb2 52.
Ra6+ Ke7 53. Ra7+ Kf6 54. Ra6+ Ke7 55. Re6+ Kf7 56. Rh6 Rc2+ 57. Kd6 Kg7 58.
Rh4 Re2 59. Kd7 Rd2 60. d6 Kf6 61. Rh6+ Kf7 62. Rh7+ Kf8 63. Re7 Rxh2 64. Kd8
f4 65. gxf4 g3 66. d7 g2 67. Re8+ Kf7 68. Kc8 g1=Q 69. d8=Q Qc5+ 70. Kb8 Rb2+
71. Ka8 Qa3+ 0-1

[Event "C.to Regionale Calabria"]
[Site "San Fili ITA"]
[Date "2007.06.10"]
[Round "4"]
[White "Magli, Francesco"]
[Black "Malta, Gaetano"]
[Result "1/2-1/2"]
[WhiteElo "1479"]
[BlackElo "1685"]
[PlyCount "54"]
[EventDate "2007.06.08"]

1. e4 c5 2. Nf3 e6 3. d4 cxd4 4. Nxd4 a6 5. Nc3 Qc7 6. g3 Nc6 7. Bg2 b5 8. O-O
Bb7 9. Re1 Nge7 10. Bg5 Nxd4 11. Qxd4 Nc6 12. Nd5 Qb8 13. Qe3 Be7 14. Bxe7 Nxe7
15. Nxe7 Kxe7 16. Qg5+ Kf8 17. Rad1 d6 18. Rd2 Qd8 19. Qe3 Qc7 20. Red1 Rd8 21.
Qa3 Qe7 22. Rxd6 Rxd6 23. Rxd6 Ke8 24. Qd3 f6 25. Bh3 Bc8 26. Rb6 Kf7 27. Qb3
Rd8 1/2-1/2

[Event "C.to Regionale Calabria"]
[Site "San Fili ITA"]
[Date "2007.06.10"]
[Round "4"]
[White "Olivo, Ilaria"]
[Black "Cordi', Domenico"]
[Result "0-1"]
[WhiteElo "1464"]
[BlackElo "2084"]
[PlyCount "34"]
[EventDate "2007.06.08"]

1. e4 c5 2. Nf3 d6 3. d4 cxd4 4. Nxd4 Nf6 5. Nc3 a6 6. Bc4 e6 7. Bg5 Be7 8. O-O
O-O 9. f4 Nc6 10. Nde2 Qb6+ 11. Kh1 Ng4 12. Qd2 Bxg5 13. fxg5 Ne3 14. Bb3 Nxf1
15. Rxf1 Ne5 16. Ng3 Qc5 17. Qe2 b5 0-1

[Event "C.to Regionale Calabria"]
[Site "San Fili ITA"]
[Date "2007.06.10"]
[Round "4"]
[White "Olivo, Paolo"]
[Black "Carbone, Gianluca"]
[Result "1-0"]
[WhiteElo "1670"]
[BlackElo "1383"]
[PlyCount "67"]
[EventDate "2007.06.08"]

1. e4 e5 2. Nf3 Nc6 3. Bc4 Bc5 4. c3 Nf6 5. d3 a6 6. O-O O-O 7. Bg5 d6 8. h3
Bd7 9. d4 Ba7 10. a3 Qe7 11. Re1 Rfe8 12. Qd2 Rad8 13. b4 exd4 14. cxd4 b5 15.
Bb3 Bc8 16. Nc3 h6 17. Nd5 Qf8 18. Nxf6+ gxf6 19. Bxh6 Qe7 20. Rac1 Qd7 21. Qc3
Bb7 22. Nh4 Kh7 23. Nf5 Rg8 24. Bf4 Nxd4 25. Nxd4 Bxd4 26. Qxd4 Qxh3 27. Bg3
Rxg3 28. fxg3 Qxg3 29. Bxf7 Qg7 30. Be6 Re8 31. Bf5+ Kg8 32. Rc3 d5 33. Ree3
dxe4 34. Rg3 1-0

[Event "C.to Regionale Calabria"]
[Site "San Fili ITA"]
[Date "2007.06.10"]
[Round "4"]
[White "Scerra, Ezio"]
[Black "Bellisario, Carlo"]
[Result "0-1"]
[WhiteElo "1398"]
[BlackElo "1619"]
[PlyCount "58"]
[EventDate "2007.06.08"]

1. c4 e5 2. Nc3 Nf6 3. e4 b6 4. Nf3 d6 5. d3 Bb7 6. Be2 Be7 7. Nd5 Nxd5 8. cxd5
Nd7 9. b4 O-O 10. O-O Nf6 11. Bg5 Nxd5 12. Bxe7 Nxe7 13. b5 a6 14. a4 axb5 15.
axb5 Qd7 16. Rxa8 Rxa8 17. d4 Bxe4 18. dxe5 Bxf3 19. Bxf3 Ra5 20. exd6 Qxd6 21.
Be2 g6 22. Qc2 Nf5 23. Qb2 Qd4 24. Qc1 Qc5 25. Bc4 Nd6 26. Bd3 Qxc1 27. Rxc1
Nxb5 28. Rc6 Ra1+ 29. Bf1 Nd4 0-1

[Event "C.to Regionale Calabria"]
[Site "San Fili ITA"]
[Date "2007.06.10"]
[Round "4"]
[White "Spataro, Enrico"]
[Black "Alo', Lucio"]
[Result "1-0"]
[WhiteElo "1760"]
[BlackElo "1553"]
[PlyCount "83"]
[EventDate "2007.06.08"]

1. e4 e5 2. Nf3 Nc6 3. Bc4 h6 4. c3 Nf6 5. O-O Nxe4 6. Re1 Nd6 7. Nxe5 Be7 8.
Bb3 O-O 9. Ng6 Re8 10. d4 Na5 11. Nxe7+ Rxe7 12. Bc2 Qe8 13. Rxe7 Qxe7 14. b3
b5 15. Be3 Bb7 16. d5 c6 17. Qd3 f5 18. a4 cxd5 19. axb5 Qd8 20. Bc5 Ne4 21.
Bb4 Qb6 22. Qd4 Qe6 23. Nd2 Nxd2 24. Qxd2 d4 25. Bxa5 Qg6 26. g3 Qg4 27. Qd1
Bf3 28. Qxd4 Qh3 29. Qc4+ d5 30. Qf1 Qg4 31. Bd1 f4 32. h3 Qh5 33. g4 Bxg4 34.
Bxg4 Qg5 35. Qd3 h5 36. Qf5 Qe7 37. Qxd5+ Kh7 38. Qxh5+ Kg8 39. Qd5+ Kh7 40.
Qxa8 Qg5 41. Qe4+ Kh6 42. Bc7 1-0

[Event "C.to Regionale Calabria"]
[Site "San Fili ITA"]
[Date "2007.06.10"]
[Round "5"]
[White "Abatino, Maurizio"]
[Black "Grandinetti, Pietro"]
[Result "1-0"]
[WhiteElo "2192"]
[BlackElo "1639"]
[PlyCount "105"]
[EventDate "2007.06.08"]

1. d4 Nf6 2. c4 g6 3. Nc3 Bg7 4. e4 d6 5. Be2 O-O 6. Bg5 Na6 7. Qd2 e5 8. d5 c6
9. g4 cxd5 10. cxd5 Bd7 11. f3 Qb6 12. Nh3 Rac8 13. Nf2 Nc5 14. O-O a5 15. Be3
Qd8 16. Nd3 Nxd3 17. Bxd3 h5 18. h3 Nh7 19. Qg2 Qh4 20. Bf2 Qg5 21. Rad1 h4 22.
Rfe1 Qe7 23. Be3 g5 24. a4 Rfe8 25. Qd2 Bf6 26. Bb6 Nf8 27. Bxa5 Ng6 28. Bb6
Nf4 29. Bf1 Qf8 30. Be3 Bd8 31. b4 Qe7 32. Kh2 Bc7 33. Ra1 Ra8 34. a5 Rec8 35.
Rec1 Bb8 36. b5 Bc7 37. b6 Bd8 38. Qb2 Be8 39. Qb4 Kf8 40. Rcb1 Rab8 41. Ra2
Kg8 42. Ra3 Kf8 43. Rb2 f6 44. a6 bxa6 45. Bxa6 Rc5 46. Bxc5 dxc5 47. Qa5 c4
48. Bxc4 Rxb6 49. Rxb6 Bxb6 50. Qxb6 Qxa3 51. Qxf6+ Bf7 52. d6 Qa7 53. Qh8+ 1-0

[Event "C.to Regionale Calabria"]
[Site "San Fili ITA"]
[Date "2007.06.10"]
[Round "5"]
[White "Alo', Lucio"]
[Black "Calomeni, Gianpaolo"]
[Result "0-1"]
[WhiteElo "1553"]
[BlackElo "1503"]
[PlyCount "148"]
[EventDate "2007.06.08"]

1. Nf3 Nf6 2. d4 e6 3. Nc3 Be7 4. e4 d6 5. Bc4 Nbd7 6. O-O O-O 7. h3 b6 8. e5
dxe5 9. dxe5 Nh5 10. Nh2 g6 11. Re1 Bb7 12. Bh6 Ng7 13. Qg4 c5 14. Rad1 Qc7 15.
Nb5 Qc6 16. f4 Rfd8 17. Nf3 Nf5 18. Bg5 Bxg5 19. fxg5 Nf8 20. Qf4 Nd4 21. Nbxd4
cxd4 22. Rxd4 Rxd4 23. Qxd4 Rc8 24. Bd3 Nd7 25. Qf4 Nc5 26. Rf1 Rc7 27. Rf2
Nxd3 28. cxd3 Qc1+ 29. Qxc1 Rxc1+ 30. Kh2 Bd5 31. b3 Rd1 32. Nd2 Ra1 33. Nc4
Rd1 34. Rd2 Rxd2 35. Nxd2 Kf8 36. d4 Ke7 37. g4 Kd7 38. h4 Kc6 39. h5 Kb5 40.
a3 a5 41. Kg3 Bxb3 42. Ne4 Ka4 43. Nf6 Kxa3 44. Nxh7 a4 45. h6 Kb2 46. Nf6 a3
47. h7 a2 48. h8=Q a1=Q 49. Qh2+ Ka3 50. Qg2 Qxd4 51. Qa8+ Kb2 52. Qe4 Qc3+ 53.
Kh4 Bc2 54. Qe2 Qd3 55. Qxd3 Bxd3 56. Ne8 b5 57. Nd6 b4 58. Nb7 b3 59. Nc5 Kc2
60. Nxb3 Kxb3 61. Kg3 Kc4 62. Kf3 Kd5 63. Ke3 Bb1 64. Kf4 Bc2 65. Kg3 Kxe5 66.
Kf3 Bd1+ 67. Kg3 Kd4 68. Kf4 e5+ 69. Kg3 e4 70. Kf2 Bxg4 71. Ke1 e3 72. Kf1 e2+
73. Ke1 Kd3 74. Kf2 Kd2 0-1

[Event "C.to Regionale Calabria"]
[Site "San Fili ITA"]
[Date "2007.06.10"]
[Round "5"]
[White "Bellisario, Carlo"]
[Black "Magli, Francesco"]
[Result "1/2-1/2"]
[WhiteElo "1619"]
[BlackElo "1479"]
[PlyCount "50"]
[EventDate "2007.06.08"]

1. c4 e5 2. Nc3 Nf6 3. g3 c6 4. Bg2 Bb4 5. Qc2 Bc5 6. e3 Qe7 7. Nge2 Na6 8. a3
Nc7 9. b4 d5 10. bxc5 dxc4 11. Na4 Be6 12. Rb1 Bd5 13. e4 Be6 14. Rxb7 Bc8 15.
Rb1 Ba6 16. Nec3 Rd8 17. O-O O-O 18. Re1 Ne6 19. Ne2 Ng5 20. f4 Ne6 21. fxe5
Nd7 22. Bb2 Ndxc5 23. Nxc5 Qxc5+ 24. Kh1 Qf2 25. Bc3 Rd3 1/2-1/2

[Event "C.to Regionale Calabria"]
[Site "San Fili ITA"]
[Date "2007.06.10"]
[Round "5"]
[White "Carbone, Gianluca"]
[Black "Scerra, Ezio"]
[Result "0-1"]
[WhiteElo "1383"]
[BlackElo "1398"]
[PlyCount "62"]
[EventDate "2007.06.08"]

1. d4 d5 2. c4 dxc4 3. Nf3 e6 4. Nc3 Bd7 5. e3 b5 6. a3 Nf6 7. g3 Bc6 8. Bg2
Ne4 9. O-O Nxc3 10. bxc3 Qd5 11. Re1 Be7 12. e4 Qd8 13. e5 Qd5 14. Bd2 O-O 15.
Nh4 Qd8 16. Bxc6 Nxc6 17. Qg4 Kh8 18. Nf3 f5 19. exf6 Rxf6 20. Rxe6 Qd7 21.
Rae1 Rxe6 22. Rxe6 Nd8 23. Ne5 Qxe6 24. Qh5 g6 25. Qf3 c6 26. g4 Bf6 27. Bf4
Bxe5 28. Bxe5+ Kg8 29. Qf4 Nf7 30. h4 Nxe5 31. dxe5 Re8 0-1

[Event "C.to Regionale Calabria"]
[Site "San Fili ITA"]
[Date "2007.06.10"]
[Round "5"]
[White "Cordi', Domenico"]
[Black "Piccoli, Vincenzo"]
[Result "1-0"]
[WhiteElo "2084"]
[BlackElo "1745"]
[PlyCount "39"]
[EventDate "2007.06.08"]

1. d4 Nf6 2. Nf3 b6 3. c4 e6 4. a3 Ba6 5. e3 Bb7 6. Nc3 c5 7. d5 d6 8. e4 Be7
9. Be2 O-O 10. O-O Nbd7 11. dxe6 fxe6 12. Ng5 Ne5 13. Nxe6 Qd7 14. Nxf8 Rxf8
15. f3 Ba6 16. b3 Ne8 17. Nd5 Nc6 18. Be3 Bf6 19. Nxf6+ Rxf6 20. Ra2 1-0

[Event "C.to Regionale Calabria"]
[Site "San Fili ITA"]
[Date "2007.06.10"]
[Round "5"]
[White "Coristo, Giovanni"]
[Black "Marincolo, Piercarlo"]
[Result "0-1"]
[WhiteElo "1843"]
[BlackElo "1727"]
[PlyCount "88"]
[EventDate "2007.06.08"]

1. e4 c5 2. Nf3 d6 3. d4 cxd4 4. Nxd4 Nf6 5. f3 e5 6. Nb3 a6 7. a4 Be6 8. c4
Nc6 9. Be3 Be7 10. Be2 O-O 11. O-O Rc8 12. Na3 Nd7 13. g4 Bg5 14. Qd2 Bxe3+ 15.
Qxe3 Na5 16. Nd2 Nb6 17. b3 Qc7 18. Kg2 Rfd8 19. h4 Nc6 20. Nc2 Nd7 21. Rad1
Nf8 22. h5 Qe7 23. Nb1 Na5 24. Rd3 b5 25. Rc3 bxa4 26. Qb6 axb3 27. Qxa5 bxc2
28. Rxc2 Qa7 29. Rd1 Rd7 30. h6 Ng6 31. Bf1 Nf4+ 32. Kh1 gxh6 33. Rh2 Kg7 34.
Rxd6 Rc5 35. Rxd7 Bxd7 36. Qd8 Ng6 37. g5 hxg5 38. Qxg5 Rc8 39. Nc3 Be6 40. f4
exf4 41. e5 Qd4 42. Qh6+ Kg8 43. Qxh7+ Kf8 44. Bd3 Qxd3 0-1

[Event "C.to Regionale Calabria"]
[Site "San Fili ITA"]
[Date "2007.06.10"]
[Round "5"]
[White "Felisio, Antonio"]
[Black "Sansosti, Simona"]
[Result "0-1"]
[WhiteElo "1464"]
[BlackElo "1362"]
[PlyCount "136"]
[EventDate "2007.06.08"]

1. d4 Nf6 2. c4 e5 3. Bg5 exd4 4. Qxd4 Nc6 5. Qe3+ Be7 6. Nc3 O-O 7. Nf3 Nb4 8.
Qd2 c5 9. e3 d6 10. a3 Qa5 11. Be2 Be6 12. O-O Nc6 13. h3 Rad8 14. Qc2 d5 15.
Rfd1 dxc4 16. Rxd8 Rxd8 17. Rd1 Nd5 18. Bxe7 Ncxe7 19. Bxc4 Nxe3 20. Rxd8+ Qxd8
21. Qd2 Qxd2 22. Nxd2 Nxc4 23. Nde4 b6 24. b4 Bd5 25. f3 f5 26. Nf2 Nxa3 27.
bxc5 bxc5 28. Nd3 c4 29. Nf4 Bf7 30. Kf2 a5 31. Nfe2 Nc8 32. Ke1 Nc2+ 33. Kd2
Nb4 34. Nd4 g6 35. g4 f4 36. h4 Nb6 37. Nde2 Nd3 38. Nc1 Ne5 39. Ke2 h6 40. Ne4
Kg7 41. g5 h5 42. Nd6 a4 43. Na2 Nd5 44. Nb5 Nb6 45. Nac3 Bd5 46. Nd6 Bxf3+ 47.
Kf2 Bg4 48. Ne8+ Kf7 49. Nd6+ Ke6 50. Nde4 Kf5 51. Nc5 Nf3 52. Nb5 Nc8 53. Nxa4
Nxh4 54. Nb2 Nb6 55. Nd6+ Kxg5 56. Ne4+ Kf5 57. Nd6+ Ke5 58. Ndxc4+ Nxc4 59.
Nxc4+ Kd4 60. Nd6 f3 61. Nf7 Nf5 62. Nh6 Nxh6 63. Kg3 Ke3 64. Kh2 Ke2 65. Kg1
f2+ 66. Kh2 f1=Q 67. Kg3 Nf5+ 68. Kh2 Qf2+ 0-1

[Event "C.to Regionale Calabria"]
[Site "San Fili ITA"]
[Date "2007.06.10"]
[Round "5"]
[White "Galasso, Luciano"]
[Black "Caputo, Francesco"]
[Result "1-0"]
[WhiteElo "1554"]
[BlackElo "1662"]
[PlyCount "45"]
[EventDate "2007.06.08"]

1. d4 d5 2. Nf3 Nf6 3. e3 e6 4. Nbd2 Bd6 5. Bd3 O-O 6. O-O c5 7. c3 c4 8. Bb1
Qc7 9. e4 Bf4 10. e5 Nfd7 11. Qc2 f5 12. g3 Bh6 13. Nh4 g5 14. Ng2 Bg7 15. Nf3
h6 16. h4 g4 17. Nh2 Nb6 18. Nxg4 fxg4 19. Qh7+ Kf7 20. Bxh6 Rg8 21. Bg6+ Kf8
22. f3 Bxh6 23. fxg4+ 1-0

[Event "C.to Regionale Calabria"]
[Site "San Fili ITA"]
[Date "2007.06.10"]
[Round "5"]
[White "Levato, Biagio"]
[Black "Luvera', Filippo"]
[Result "0-1"]
[WhiteElo "1495"]
[BlackElo "1898"]
[PlyCount "90"]
[EventDate "2007.06.08"]

1. Nf3 Nf6 2. g3 g6 3. Bg2 Bg7 4. O-O O-O 5. d3 c5 6. Nbd2 Nc6 7. Re1 d5 8. e4
e6 9. a3 Re8 10. h4 b6 11. Nf1 Bb7 12. e5 Nd7 13. Bf4 Qc7 14. c3 Ncxe5 15. Nxe5
Bxe5 16. Rxe5 Nxe5 17. d4 cxd4 18. cxd4 Rac8 19. dxe5 Qc2 20. Nh2 Qxd1+ 21.
Rxd1 Rc2 22. Ng4 Rec8 23. Bh6 Ba6 24. Nf6+ Kh8 25. Bg5 h5 26. Bh3 Rxb2 27. Nxd5
Be2 28. Bf6+ Kh7 29. Re1 Bf3 30. Bg5 Bxd5 31. Bg2 Bxg2 32. Kxg2 Rcc2 33. Rd1
Kg8 34. Bh6 Rc5 35. Bf4 Rd5 36. Re1 Kg7 37. Bg5 Rc5 38. Bf6+ Kf8 39. Kg1 Ke8
40. Kg2 Kd7 41. Kg1 Kc6 42. Kg2 Rbc2 43. Bg5 b5 44. Rb1 Rxe5 45. Be3 Rxe3 0-1